00629nam a2200193Ia 4500952014300000999001500143003000400158005001700162008004100179040000900220082001800229100001900247245003100266250001200297260006200309300000900371650001300380942004200393 00102ddc40708ACCOUNTINGaMESbMEScACCOUNTINGd2019-02-20g120.00l0o657.42 VIN/Cp39922r2019-02-20 00:00:00w2019-02-20yBKzGL56R3 c8262d8262OSt20200114141859.0190216s9999||||xx |||||||||||||| ||und|| coclc a657.42bVIN/C aVinod, A9643 0aCost Accounting /cA Vinod a1st ed. bCalicut University Central Co-Operative,c2006.aCalicut: a576p aCommerce cBK2ddch657.42iVIN/Ck657.42mVIN/C